000 00483nam a22001577a 4500
003 NUST
082 _a200
100 _aNoor, Basirah
_9114351
245 _aDetection of rootkits using memory analysis/
_cBasirah Noor,
264 _aIslamabad :
_bSEECS, NUST,
_c 2023.
300 _a64 p. ;
_c30 cm.
650 _aMS-Information Security
_927215
700 _aSupervisor: Dr. Sana Qadir
_996818
856 _uhttp://10.250.8.41:8080/xmlui/handle/123456789/34098
942 _2ddc
_cSC
999 _c595704
_d595704